000 00457nam a2200181Ia 4500
001 7396
005 20260306160452.0
008 260306t2010||||xx |||||||||||||| ||spa||
041 _aESP
082 _a338.9
_bR76
100 _aRodriguez Noboa, Percy
_eAUT
245 0 _aConstrucción estratégica del futuro desarrollo de Arequipa
260 _c2010
300 _a128 páginas :
_c21 cm.
650 _aGEN
654 _aCAN
942 _cLIB
_dJUS
_fJUS
_2ddc
_n
999 _c7396
_d7396